[Event "London Chess Classic: Blitz D"]
[Site "London"]
[Date "2019.12.08"]
[Round "4"]
[White "Dong, Bao Nghia"]
[Black "Patel, Devan"]
[Result "1-0"]
[WhiteElo "2421"]
[BlackElo "1765"]
[PlyCount "111"]
[EventDate "2019.12.08"]
[EventType "swiss (blitz)"]
[EventRounds "11"]
[EventCountry "ENG"]
[SourceTitle "EXT 2021"]
[Source "ChessBase"]
[SourceDate "2020.10.23"]
[SourceVersion "1"]
[SourceVersionDate "2020.10.23"]
[SourceQuality "1"]

1. d4 Nf6 2. Nf3 d5 3. c4 e6 4. Nc3 dxc4 5. e3 a6 6. a4 c5 7. Bxc4 Nc6 8. 0-0 Be7 9. b3 0-0 10. Bb2 b6 11. Qe2 Bb7 12. Rfd1 Qc7 13. d5 exd5 14. Nxd5 Nxd5 15. Bxd5 Rad8 16. Qc4 Na5 17. Qg4 g6 18. Bxb7 Nxb7 19. Qc4 Na5 20. Qc3 f6 21. b4 Nc6 22. bxc5 Bxc5 23. Qc4+ Qf7 24. Qxa6 Nb4 25. Qb5 Nd5 26. a5 Qd7 27. Qb3 bxa5 28. e4 Rb8 29. Qxd5+ Qxd5 30. Rxd5 Rxb2 31. Rxc5 Rfb8 32. Kf1 a4 33. Rxa4 Rb1+ 34. Ke2 R8b2+ 35. Nd2 Rh1 36. Rc7 Rb8 37. Raa7 Rxh2 38. Rg7+ Kf8 39. Rxh7 Rxh7 40. Rxh7 Rb2 41. Kd3 f5 42. e5 Ra2 43. f4 Ra3+ 44. Kd4 Rg3 45. e6 Rxg2 46. Nc4 Re2 47. Ne5 Re4+ 48. Kd5 Rxf4 49. Nxg6+ Kg8 50. Nxf4 Kxh7 51. e7 Kg7 52. e8Q Kf6 53. Qg6+ Ke7 54. Qg7+ Kd8 55. Kd6 Kc8 56. Qc7# 1-0

[Event "Gibraltar U16 op"]
[Site "Caleta"]
[Date "2019.08.18"]
[Round "4"]
[White "Patel, Devan"]
[Black "Martinez Soriano, Javier"]
[Result "0-1"]
[WhiteElo "1659"]
[BlackElo "1992"]
[PlyCount "80"]
[EventDate "2019.08.16"]
[EventType "swiss"]
[EventRounds "6"]
[EventCountry "GGB"]
[SourceTitle "CBM 195 Extra"]
[Source "ChessBase"]
[SourceDate "2020.05.31"]
[SourceVersion "1"]
[SourceVersionDate "2020.05.31"]
[SourceQuality "1"]

1. d4 e6 2. c4 b6 3. Nf3 Bb7 4. g3 g6 5. Bg2 Bg7 6. 0-0 Ne7 7. Nc3 0-0 8. h4 d6 9. e4 c5 10. d5 Ba6 11. Qb3 e5 12. Bd2 f5 13. Ng5 Re8 14. Ne6 Qc8 15. Bh3 Nd7 16. Bg5 Bf6 17. Bh6 Nb8 18. Kh2 Nbc6 19. exf5 gxf5 20. g4 Nd4 21. Nxd4 exd4 22. Ne4 fxe4 23. g5 Be5+ 24. Kg2 Nf5 25. f4 Bg7 26. Bxg7 Kxg7 27. Qa4 Bxc4 28. Bxf5 Bxf1+ 29. Rxf1 Qxf5 30. h5 e3 31. h6+ Kh8 32. Qc6 e2 33. Re1 Qg4+ 34. Kf2 Qh4+ 35. Kf3 Qxe1 36. Qxd6 Qf1+ 37. Kg4 Qg2+ 38. Kf5 Qe4+ 39. Kf6 Rf8+ 40. Qxf8+ Rxf8# 0-1

[Event "BCF-chT2a 1819 (4NCL)"]
[Site "England"]
[Date "2019.02.10"]
[Round "6.38"]
[White "Patel, Devan"]
[Black "Anilkumar, Anantha P"]
[Result "0-1"]
[WhiteElo "1892"]
[BlackElo "1892"]
[PlyCount "92"]
[EventDate "2018.11.10"]
[EventType "team-tourn"]
[EventRounds "11"]
[EventCountry "ENG"]
[SourceTitle "EXT 2021"]
[Source "ChessBase"]
[SourceDate "2020.10.23"]
[SourceVersion "1"]
[SourceVersionDate "2020.10.23"]
[SourceQuality "1"]
[WhiteTeam "Warwicks Select"]
[BlackTeam "KJCA Kings"]
[WhiteTeamCountry "ENG"]
[BlackTeamCountry "ENG"]

1. d4 Nf6 2. Nf3 g6 3. g3 Bg7 4. Bg2 0-0 5. b3 d5 6. Bb2 c5 7. e3 Bg4 8. 0-0 Na6 9. Nbd2 Ne4 10. h3 Nxd2 11. Qxd2 Bxf3 12. Bxf3 Qd7 13. Bg2 Rac8 14. Rac1 Rfd8 15. Rfd1 b6 16. Qe2 c4 17. c3 Qc7 18. f4 b5 19. b4 Qb6 20. Qc2 Nc7 21. a4 a6 22. Ra1 Ra8 23. Ra2 e6 24. Rda1 Bf8 25. axb5 axb5 26. Qb1 Qc6 27. Ra5 Rxa5 28. Rxa5 Ra8 29. Qa1 Rxa5 30. Qxa5 Qa8 31. Qxa8 Nxa8 32. e4 Nb6 33. exd5 Nxd5 34. Bxd5 exd5 35. Kf2 f5 36. g4 fxg4 37. hxg4 h5 38. Kg3 Kf7 39. Bc1 Be7 40. g5 Ke6 41. Be3 Kf5 42. Kf3 Bd6 43. Kg3 h4+ 44. Kh3 Bxf4 45. Bxf4 Kxf4 46. Kxh4 Kf5 0-1

[Event "BCF-chT4S 1819 (4NCL)"]
[Site "England"]
[Date "2018.11.18"]
[Round "2.102"]
[White "Di Vetta, Andrew"]
[Black "Patel, Devan"]
[Result "0-1"]
[WhiteElo "1730"]
[BlackElo "1885"]
[PlyCount "80"]
[EventDate "2018.11.17"]
[EventType "team-swiss"]
[EventRounds "11"]
[EventCountry "ENG"]
[SourceTitle "EXT 2021"]
[Source "ChessBase"]
[SourceDate "2020.10.23"]
[SourceVersion "1"]
[SourceVersionDate "2020.10.23"]
[SourceQuality "1"]
[WhiteTeam "West is Best IV"]
[BlackTeam "Warwicks Select II"]
[WhiteTeamCountry "ENG"]
[BlackTeamCountry "ENG"]

1. c4 c5 2. Nf3 Nf6 3. Nc3 Nc6 4. d3 g6 5. Rb1 a6 6. a3 Rb8 7. Bf4 d6 8. h3 Bg7 9. e3 0-0 10. Be2 Qa5 11. Qd2 Bd7 12. 0-0 b5 13. d4 Bf5 14. Ra1 Ne4 15. Nxe4 Bxe4 16. dxc5 Bxf3 17. Qxa5 Nxa5 18. Bxf3 Nxc4 19. cxd6 exd6 20. Ra2 Bxb2 21. Bd5 Be5 22. Bxe5 dxe5 23. e4 Rfc8 24. Rc1 Nd6 25. Rac2 Rxc2 26. Rxc2 Rc8 27. Rxc8+ Nxc8 28. Bb7 Nd6 29. Bxa6 Kf8 30. Kf1 Ke7 31. f3 Kd7 32. Ke1 Kc6 33. a4 bxa4 34. Kd2 Kc5 35. Kc3 Nb5+ 36. Kb2 Kb4 37. Bb7 a3+ 38. Ka1 Nc3 39. g4 g5 40. Bc8 f6 0-1

[Event "BCF-ch U16"]
[Site "Hull"]
[Date "2018.08.03"]
[Round "6"]
[White "McKay, Jonathan"]
[Black "Patel, Devan"]
[Result "0-1"]
[WhiteElo "1559"]
[BlackElo "1716"]
[PlyCount "92"]
[EventDate "2018.07.29"]
[EventType "swiss"]
[EventRounds "7"]
[EventCountry "ENG"]
[SourceTitle "CBM 186 Extra"]
[Source "ChessBase"]
[SourceDate "2018.08.24"]
[SourceVersion "1"]
[SourceVersionDate "2018.08.24"]
[SourceQuality "1"]

1. d4 d5 2. c4 e6 3. Nc3 Nf6 4. cxd5 exd5 5. Bg5 Be7 6. e3 c6 7. Bd3 Nbd7 8. Qc2 0-0 9. Nf3 h6 10. Bh4 Re8 11. 0-0 Ne4 12. Bxe7 Qxe7 13. h3 Ndf6 14. Rab1 Bf5 15. b4 Nxc3 16. Qxc3 Bxd3 17. Qxd3 Qe4 18. Qxe4 Nxe4 19. Rfc1 a6 20. a4 Nd6 21. Ne5 f5 22. Kf1 Re6 23. Ke2 Rf8 24. g3 g5 25. h4 f4 26. hxg5 fxg3 27. f4 hxg5 28. Kf3 gxf4 29. exf4 Ne4 30. Kg4 Ref6 31. b5 Rxf4+ 32. Kh3 R8f5 33. Nd3 Ng5+ 34. Kg2 Rxd4 35. bxc6 bxc6 36. Nb4 Rg4 37. Rb2 Ne4 38. Nxc6 Kf7 39. Nb4 Rh4 40. Rbc2 Rh2+ 41. Kg1 Nf2 42. Rc7+ Kg6 43. R1c6+ Kg5 44. Rg7+ Kf4 45. Nxd5+ Rxd5 46. Rc4+ Ne4 0-1

[Event "BCF-ch U16"]
[Site "Hull"]
[Date "2018.07.30"]
[Round "2"]
[White "Anilkumar, Anantha P"]
[Black "Patel, Devan"]
[Result "1/2-1/2"]
[WhiteElo "1903"]
[BlackElo "1716"]
[PlyCount "43"]
[EventDate "2018.07.29"]
[EventType "swiss"]
[EventRounds "7"]
[EventCountry "ENG"]
[SourceTitle "CBM 186 Extra"]
[Source "ChessBase"]
[SourceDate "2018.08.24"]
[SourceVersion "1"]
[SourceVersionDate "2018.08.24"]
[SourceQuality "1"]

1. d4 d5 2. c4 e6 3. Nc3 Nf6 4. Bg5 Be7 5. e3 0-0 6. Nf3 Nbd7 7. Bd3 h6 8. Bh4 a6 9. a4 c6 10. 0-0 Re8 11. c5 e5 12. Bc2 e4 13. Nd2 Nf8 14. a5 Ng6 15. Bxf6 Bxf6 16. f3 exf3 17. Qxf3 Qe7 18. Rfe1 Bg5 19. Nf1 Qd7 20. e4 dxe4 21. Rxe4 Rxe4 22. Qxe4 1/2-1/2

[Event "BCF-ch U16"]
[Site "Hull"]
[Date "2018.07.29"]
[Round "1"]
[White "Patel, Devan"]
[Black "Potel, Zachary"]
[Result "1-0"]
[WhiteElo "1716"]
[BlackElo "1444"]
[PlyCount "61"]
[EventDate "2018.07.29"]
[EventType "swiss"]
[EventRounds "7"]
[EventCountry "ENG"]
[SourceTitle "CBM 186 Extra"]
[Source "ChessBase"]
[SourceDate "2018.08.24"]
[SourceVersion "1"]
[SourceVersionDate "2018.08.24"]
[SourceQuality "1"]

1. d4 d5 2. Nf3 Nf6 3. c4 c6 4. cxd5 cxd5 5. Nc3 Nc6 6. Bf4 e6 7. e3 Bd6 8. Bxd6 Qxd6 9. a3 a6 10. Bd3 e5 11. dxe5 Nxe5 12. Nxe5 Qxe5 13. Rc1 0-0 14. 0-0 Bg4 15. Be2 h5 16. h3 Bxe2 17. Qxe2 Rfe8 18. Rfd1 Rad8 19. Rd4 Rc8 20. Rcd1 Red8 21. Qd3 Rc6 22. e4 Rcd6 23. exd5 Nd7 24. Ne4 Rg6 25. b4 Nf8 26. Nc5 Nh7 27. Nxb7 Re8 28. d6 Ng5 29. d7 Qxd4 30. dxe8Q+ Kh7 31. Qxg6+ 1-0

[Event "BCF-chT3N 1718 (4NCL)"]
[Site "England"]
[Date "2018.02.11"]
[Round "6.36"]
[White "Gardiner, Eric D"]
[Black "Patel, Devan"]
[Result "1/2-1/2"]
[WhiteElo "1975"]
[BlackElo "1545"]
[PlyCount "62"]
[EventDate "2017.11.11"]
[EventType "team-swiss"]
[EventRounds "11"]
[EventCountry "ENG"]
[SourceTitle "EXT 2020"]
[Source "ChessBase"]
[SourceDate "2019.10.17"]
[SourceVersion "1"]
[SourceVersionDate "2019.10.17"]
[SourceQuality "1"]
[WhiteTeam "Bradford DCA Knights"]
[BlackTeam "Warwicks Select II"]
[WhiteTeamCountry "ENG"]
[BlackTeamCountry "ENG"]

1. e4 Nc6 2. Nf3 d6 3. d4 Nf6 4. Nc3 Bg4 5. Be3 g6 6. h3 Bh5 7. Be2 e5 8. d5 Ne7 9. Qd2 h6 10. 0-0-0 g5 11. h4 g4 12. Nh2 Ng6 13. Nf1 Bg7 14. Ng3 Qc8 15. Nf5 Kf8 16. f3 b5 17. Rdf1 b4 18. Nd1 a5 19. Nf2 gxf3 20. gxf3 a4 21. Nxg7 Kxg7 22. Rhg1 b3 23. cxb3 axb3 24. a3 c6 25. dxc6 Qxc6+ 26. Kb1 d5 27. Nd3 d4 28. Bf2 Rhc8 29. Rc1 Qd6 30. Bg3 Rxc1+ 31. Nxc1 Ra7 1/2-1/2

[Event "Coventry 4NCL op-A 16th"]
[Site "Coventry"]
[Date "2017.11.05"]
[Round "4"]
[White "Willow, Jonah B"]
[Black "Patel, Devan"]
[Result "1-0"]
[WhiteElo "2144"]
[BlackElo "1560"]
[PlyCount "140"]
[EventDate "2017.11.03"]
[EventType "swiss"]
[EventRounds "5"]
[EventCountry "ENG"]
[SourceTitle "CBM 181 Extra"]
[Source "ChessBase"]
[SourceDate "2017.12.12"]
[SourceVersion "1"]
[SourceVersionDate "2017.12.12"]
[SourceQuality "1"]

1. Nc3 e5 2. Nf3 Nc6 3. d4 exd4 4. Nxd4 Nf6 5. Bg5 Bb4 6. Nxc6 Bxc3+ 7. bxc3 bxc6 8. Qd4 d5 9. e3 0-0 10. Bd3 Be6 11. f4 h6 12. Bh4 c5 13. Bxf6 Qxf6 14. Qxc5 Qh4+ 15. g3 Qh3 16. Bf1 Qf5 17. Bd3 Qh3 18. Bf1 Qf5 19. Bg2 Qxc2 20. 0-0 Rfb8 21. Rf2 Rb1+ 22. Rxb1 Qxb1+ 23. Rf1 Qb6 24. Qxb6 axb6 25. f5 Bd7 26. Bxd5 c6 27. Bb3 Re8 28. Rf3 Re5 29. g4 h5 30. h3 hxg4 31. hxg4 Re4 32. Rg3 Kf8 33. Kf2 Ke7 34. Kf3 Re5 35. Kf4 Rc5 36. e4 g6 37. Rh3 Be8 38. e5 g5+ 39. Ke4 Ra5 40. Rh5 c5 41. Rxg5 Bc6+ 42. Ke3 c4 43. f6+ Ke6 44. Bxc4+ Bd5 45. Bxd5+ Rxd5 46. Ke4 Ra5 47. Kd4 Ra4+ 48. Kd3 Rxa2 49. c4 Ra3+ 50. Kd4 Ra1 51. Rg8 Rd1+ 52. Ke4 Re1+ 53. Kf4 Rf1+ 54. Kg5 Kxe5 55. Re8+ Kd4 56. Rb8 Rb1 57. Rb7 Kxc4 58. Rxf7 Rf1 59. Rb7 b5 60. Kg6 b4 61. f7 Rf4 62. g5 b3 63. Kg7 Kc3 64. f8Q Rxf8 65. Kxf8 b2 66. g6 Kc2 67. g7 b1Q 68. Rxb1 Kxb1 69. g8Q Kc2 70. Qd5 Kc3 1-0